| Tag |
First Indicator |
Second Indicator |
Subfields |
| LEADER |
00000cam a22000008i 4500 |
| 001 |
in00004636601 |
| 008 |
220730t20222022onca b 001 0 eng |
| 005 |
20240530144607.4 |
| 035 |
|
|
|a (OCoLC)on1337855656
|
| 040 |
|
|
|a NLC
|b eng
|e rda
|c NLC
|d CDX
|d C#P
|d TXA
|
| 020 |
|
|
|a 9781554815906
|q (softcover)
|
| 020 |
|
|
|a 1554815908
|q (softcover)
|
| 035 |
|
|
|a (OCoLC)1337855656
|
| 050 |
|
4 |
|a PE1478
|b .L28 2022
|
| 055 |
|
0 |
|a PE1478
|b .L36 2022
|
| 082 |
0 |
|
|a 808/.042
|2 23
|
| 100 |
1 |
|
|a Lambersky, John,
|e author.
|
| 245 |
1 |
0 |
|a Style & substance :
|b a guide to finding and joining the academic conversation /
|c John Lambersky.
|
| 246 |
3 |
|
|a Style and substance
|
| 264 |
|
1 |
|a Peterborough, Ontario :
|b Broadview Press,
|c [2022].
|
| 264 |
|
4 |
|c ©2022.
|
| 300 |
|
|
|a x, 175 pages :
|b illustrations ;
|c 19 cm.
|
| 336 |
|
|
|a text
|b txt
|2 rdacontent
|
| 337 |
|
|
|a unmediated
|b n
|2 rdamedia
|
| 338 |
|
|
|a volume
|b nc
|2 rdacarrier
|
| 504 |
|
|
|a Includes bibliographical references (pages 167-171) and index.
|
| 520 |
|
|
|a This very short book guides post-secondary students through the trials academic writing, from how to form good research questions, to looking for and gathering the best evidence, and finally, to crafting thoughtful responses to our questions and how this process is in fact how one joins an academic conversation. It breaks down the skills involved in research, writing and presenting.
|
| 650 |
|
0 |
|a Academic writing.
|
| 650 |
|
0 |
|a English language
|x Rhetoric.
|
| 948 |
|
|
|a dmitchel 5/30/24 9.44.28
|
| 994 |
|
|
|a Z0
|b TXA
|
| 999 |
f |
f |
|s 0aeaa4c6-d51c-46fb-a6b2-1e2e62d73cd6
|i a0afcf2c-25d1-4b15-9d84-c998972528af
|t 0
|
| 952 |
f |
f |
|p 4_hour
|a Texas A&M University
|b College Station
|c Sterling C. Evans Library
|d Evans: Media and Reserves (Evans 1st floor)
|t 0
|e PE1478 .L28 2022
|h Library of Congress classification
|i unmediated -- volume
|m A14851858630
|
| 998 |
f |
f |
|a PE1478 .L28 2022
|t 0
|l Evans: Library Stacks
|